000 00988nam a22002417a 4500
999 _c19079
_d19079
003 AR-CdUCM
008 190516b ||||| |||| 00| 0 spa d
040 _aMUNICIPALIDAD PROVINCIAL DEL CUSCO
_cBIBLIOTECA MUNICIPAL DEL CUSCO
082 _a589.95 /
_bV71
100 _aVincent, J. M.
_940182
245 _aManual practico de rizobiologia
260 _aMéxico :
_bHemisferio,
_c1975.
300 _a200 paginas ;
_bIlustraciones,
_c21 cm.
500 _aTitulo original : A manual for the practical study of root nodule bacteria
505 _aContenido : Cultivo aislamiento y conservación de los rizobios -- Esterelizacion de los materiales -- Registros de cultivos -- Características cualitativas de los rizobios -- Recuento...
650 _aRizobios
_940183
650 _aCélulas
_918534
650 _aLeguminosas
_922938
650 _aProducción de cultivos
_940184
710 _aCentro Regional de Ayuda Técnica
_910048
942 _2ddc
_cLIBROS
945 _awnts
_d2019-05-16